The hockey sweater and other stories / (Record no. 200468102)

MARC details
000 -LEADER
fixed length control field 03877cam a2200565 i 4500
001 - CONTROL NUMBER
control field 200468102
003 - CONTROL NUMBER IDENTIFIER
control field TR-AnTOB
005 - DATE AND TIME OF LATEST TRANSACTION
control field 20260414105721.0
007 - PHYSICAL DESCRIPTION FIXED FIELD--GENERAL INFORMATION
fixed length control field ta
008 - FIXED-LENGTH DATA ELEMENTS--GENERAL INFORMATION
fixed length control field 260414t19791979onc 000 j eng
010 ## - LIBRARY OF CONGRESS CONTROL NUMBER
LC control number 80151118
015 ## - NATIONAL BIBLIOGRAPHY NUMBER
National bibliography number C79-945843
National bibliography number 790945843
Source can
016 ## - NATIONAL BIBLIOGRAPHIC AGENCY CONTROL NUMBER
Record control number (AMICUS)000000905257
020 ## - INTERNATIONAL STANDARD BOOK NUMBER
International Standard Book Number 0887840787
Qualifying information (paperback)
International Standard Book Number 9780887840784
Qualifying information (paperback)
International Standard Book Number 9780887848841
Qualifying information (ebook)
International Standard Book Number 0887848842
035 ## - SYSTEM CONTROL NUMBER
System control number (CLU)76573-ucladb-Voyager
System control number (OCoLC)08219471
Canceled/invalid control number (OCoLC)5924691
-- (OCoLC)51272720
-- (OCoLC)1066970824
System control number (OCoLC)ocm08219471
System control number (EXLNZ-01UCS_NETWORK)9912773317906531
System control number (TR-AnTOB)200468102
040 ## - CATALOGING SOURCE
Original cataloging agency DLC
Language of cataloging eng
Description conventions rda
Transcribing agency DLC
Modifying agency OCL
-- OCLCQ
-- UKM
-- DIBAM
-- BAKER
-- BTCTA
-- K6U
-- XBM
-- BDX
-- GBVCP
-- OCLCO
-- OCLCF
-- P4I
-- OCLCQ
-- OCLCO
-- OCLCQ
-- CNUTO
-- NLC
-- OCLCQ
-- NLE
-- OCLCO
-- STMCL
-- LUE
-- UWO
-- CNKEY
-- LGG
-- OCL
-- OCLCO
-- OCLCL
-- JG0
-- TR-AnTOB
041 1# - LANGUAGE CODE
Language code of text/sound track or separate title İngilizce
Language code of original fre
043 ## - GEOGRAPHIC AREA CODE
Geographic area code n-cn---
050 00 - LIBRARY OF CONGRESS CALL NUMBER
Classification number PQ3919.2.C25
Item number E513 1979
090 ## - LOCALLY ASSIGNED LC-TYPE CALL NUMBER (OCLC); LOCAL CALL NUMBER (RLIN)
Classification number (OCLC) (R) ; Classification number, CALL (RLIN) (NR) PQ3919.2.C25
Local cutter number (OCLC) ; Book number/undivided call number, CALL (RLIN) E513 1979
100 1# - MAIN ENTRY--PERSONAL NAME
Personal name Carrier, Roch
Relator term author
Relator code aut
Authority record control number or standard number http://id.loc.gov/authorities/names/n50033106
9 (RLIN) 153640
240 10 - UNIFORM TITLE
Uniform title Enfants du bonhomme dans la lune.
Language of a work English
245 14 - TITLE STATEMENT
Title The hockey sweater and other stories /
Statement of responsibility, etc. Roch Carrier ; translated by Sheila Fischman.
264 #1 - PRODUCTION, PUBLICATION, DISTRIBUTION, MANUFACTURE, AND COPYRIGHT NOTICE
Place of production, publication, distribution, manufacture Toronto :
Name of producer, publisher, distributor, manufacturer House of Anansi Press,
Date of production, publication, distribution, manufacture, or copyright notice [1979]
Date of production, publication, distribution, manufacture, or copyright notice ©1979
300 ## - PHYSICAL DESCRIPTION
Extent 160 pages ;
Dimensions 22 cm
336 ## - CONTENT TYPE
Content type term text
Content type code txt
Source rdacontent
337 ## - MEDIA TYPE
Media type term unmediated
Media type code n
Source rdamedia
338 ## - CARRIER TYPE
Carrier type term volume
Carrier type code nc
Source rdacarrier
490 0# - SERIES STATEMENT
Series statement Anasi fiction series ;
Volume/sequential designation AF 40
505 0# - FORMATTED CONTENTS NOTE
Formatted contents note The nun who returned to Ireland --The shoemaker -- Idiot death -- The machine for detecting everything that's American -- The day I became an apostate -- The month of the dead -- Son of a smaller hero -- Pierrette's bump -- When the taxes split the roof -- The hockey sweater -- Foxes need fresh water -- A great hunter -- What language do bears speak? -- Industry in our village -- Perhaps the trees do travel -- The good people and the bad people -- Do medals float on the ocean? -- Grandfather's fear -- The sorceror -- A secret lost in winter.
520 ## - SUMMARY, ETC.
Summary, etc. These funny, nostalgic stories of growing up in a Quebec village enchanted audiences across Canada when Carrier read them on CBC radio and television. Now collected into a book for the first time, The Hockey Sweater and other stories reveals Carrier at the top of his incomparable form: a young Quebec boy, mad for the Canadiens, is sent a Toronto Maple Leaves sweater by mistake; an Irish nun, stranded among the Québécois, tries to walk back home to the Emerald Isle; an English-Canadian animal trainer finds himself in the ring with a bear who is not bilingual; the bravest man in the village hides his secret weakness: a terror of Protestants. With twenty stories in all, this book offers a rich gallery of Carrier eccentrics, as well as shrewed insights into English/French tensions in Quebec, racial attitudes, the dominance of the Catholic Church, and the vagaries of Dupless politics. A book for the young at heart, the Hockey Sweater set to be one of the most popular books by the author of La Guerre, Yes Sir!, They Won't Demolish Me! and The Garden of Delights. -- From back cover
546 ## - LANGUAGE NOTE
Language note English translation of: Les enfants du bonhomme dans la lune.
650 #0 - SUBJECT ADDED ENTRY--TOPICAL TERM
Topical term or geographic name entry element Short stories, French-Canadian
Form subdivision Translations into English
9 (RLIN) 153641
Topical term or geographic name entry element French Canadians
General subdivision Social life and customs
Form subdivision Fiction
9 (RLIN) 153642
651 #0 - SUBJECT ADDED ENTRY--GEOGRAPHIC NAME
Geographic name Canada
General subdivision Social life and customs
Form subdivision Fiction
9 (RLIN) 153643
655 #7 - INDEX TERM--GENRE/FORM
Genre/form data or focus term Short stories
Source of term lcgft
Authority record control number http://id.loc.gov/authorities/genreForms/gf2014026542
9 (RLIN) 153047
700 1# - ADDED ENTRY--PERSONAL NAME
Personal name Fischman, Sheila
Relator term translator
Relator code trl
Authority record control number or standard number http://id.loc.gov/authorities/names/n78007124
9 (RLIN) 153644
942 ## - ADDED ENTRY ELEMENTS (KOHA)
Source of classification or shelving scheme Library of Congress Classification
Koha item type Book
Holdings
Withdrawn status Lost status Source of classification or shelving scheme Damaged status Not for loan Collection code Home library Current library Shelving location Date acquired Source of acquisition Total Checkouts Full call number Barcode Date last seen Copy number Date shelved Koha item type Public note
    Library of Congress Classification Kullanılmış / Used Ödünç Verilemez-Kurumiçi kullanım / Not for loan-For inhouse use Genel Koleksiyon Tıp Fakültesi Medikal Kütüphane Tıp Fakültesi Medikal Kütüphane Genel Koleksiyon / Main Collection 18/03/2026 Bağış / Donation   PQ3919.2.C25 E513 1979 TıpFaK TF03107 14/04/2026 1 14/04/2026 Book Donated by Prof. Dr. Şükrü Cin
Devinim Yazılım Eğitim Danışmanlık tarafından Koha'nın orjinal sürümü uyarlanarak geliştirilip kurulmuştur.